Alle Hauptstädte Südamerikas (mit Hinweis) - Statistiken

Allgemein
  • Dieses Quiz wurde 33 mal gespielt
  • Das Durchschnittsergebnis liegt bei 8 aus 12
Antwortstatistiken
Land Hauptstadt % Korrekt
Brasilien Brasília
92%
Peru Lima
92%
Argentinien Buenos Aires
77%
Kolumbien Bogotá
69%
Ecuador Quito
69%
Bolivien Sucre
69%
Venezuela Caracas
62%
Uruguay Montevideo
62%
Chile Santiago de Chile
62%
Paraguay Asunción
46%
Guyana Georgetown
31%
Suriname Paramaribo
23%
Keine übereinstimmenden Quizze gefunden
Verteilung der Resultate
Anzahl Personen mit jedem Resultat
Perzentil nach korrekt beantworteten Fragen
Ihre Resultats-Entwicklung
Sie haben dieses Quiz noch nicht gespielt